|
|
|
|
| LEADER |
00000naa2a2200000 4500 |
| 001 |
603618 |
| 005 |
20260204103332.0 |
| 035 |
|
|
|a (RuTPU)RU\TPU\conf\814
|
| 035 |
|
|
|a RU\TPU\conf\798
|
| 090 |
|
|
|a 603618
|
| 100 |
|
|
|a 20140129d2013 k y0rusy50 ba
|
| 101 |
0 |
|
|a eng
|
| 102 |
|
|
|a RU
|
| 135 |
|
|
|a drcn ---uucaa
|
| 181 |
|
0 |
|a i
|
| 182 |
|
0 |
|a b
|
| 200 |
1 |
|
|a Gesundheitliche Auswirkungen von Radon und Seinen Zerfallsprodukten auf den Menschen
|d Влияние радона и его продуктов распада на организм человека
|f N. N. Petrakowa, E. A. Sysa
|
| 203 |
|
|
|a Текст
|c электронный
|
| 215 |
|
|
|a 1 файл(338 Кб)
|
| 225 |
1 |
|
|a Физика
|
| 300 |
|
|
|a Заглавие с экрана
|
| 320 |
|
|
|a [Библиогр.: с. 162 (3 назв.)]
|
| 330 |
|
|
|a В данной статье рассматривается природа радона, его соединений, влияние на организм человека, а также использование радиоактивного газа радона в медицине.
|
| 337 |
|
|
|a Adobe Reader
|
| 463 |
|
1 |
|0 (RuTPU)RU\TPU\conf\715
|t Перспективы развития фундаментальных наук
|l Prospects of fundamental sciences development
|o сборник научных трудов X Международной конференция студентов и молодых ученых, г. Томск, 23-26 апреля 2013 г.
|f Национальный исследовательский Томский политехнический университет (ТПУ) ; под ред. Е. А. Вайтулевич и др.
|v [С. 160-162]
|d 2013
|
| 510 |
1 |
|
|a Влияние радона и его продуктов распада на организм человека
|z rus
|
| 610 |
1 |
|
|a электронный ресурс
|
| 610 |
1 |
|
|a труды учёных ТПУ
|
| 610 |
1 |
|
|a радон
|
| 610 |
1 |
|
|a продукты распада
|
| 610 |
1 |
|
|a организм человека
|
| 700 |
|
1 |
|a Petrakowa
|b N. N.
|
| 701 |
|
1 |
|a Sysa
|b E. A.
|c Linguist
|c Oberlehrer der Polytechnischen Universität Tomsk
|f 1980-
|g Elena Alexandrowna
|3 (RuTPU)RU\TPU\pers\31031
|
| 801 |
|
1 |
|a RU
|b 63413507
|c 20101016
|
| 801 |
|
2 |
|a RU
|b 63413507
|c 20230324
|g RCR
|
| 856 |
4 |
|
|u http://www.lib.tpu.ru/fulltext/c/2013/C21/050.pdf
|
| 942 |
|
|
|c BK
|